[Event "15. Obert Int. Sant Martí 2013 - B"]
[Site "Barcelona ESP"]
[Date "2013.07.16"]
[Round "4.41"]
[White "Delgado Lozano, Jose Manuel"]
[Black "Fuertes Buisac, Bernat"]
[Result "1/2-1/2"]
[WhiteElo "1927"]
[BlackElo "1686"]
[PlyCount "97"]
[EventDate "2013.07.13"]
[EventType "swiss"]
[EventRounds "9"]
[EventCountry "ESP"]
[SourceTitle "Ajedrez en Madrid"]
[Source "lmi"]
[SourceDate "2013.07.13"]
[SourceVersion "1"]
[SourceVersionDate "2019.06.21"]
[SourceQuality "1"]

1. d4 Nf6 2. Nf3 g6 3. c3 Bg7 4. Bg5 O-O 5. Nbd2 d6 6. e4 c5 7. dxc5 dxc5 8.
Bc4 Nc6 9. O-O Bg4 10. Qc2 Qc7 11. h3 Bxf3 12. Nxf3 Ne5 13. Be2 Rfd8 14. Rad1
a6 15. Nd2 b5 16. f4 Nc6 17. Bxf6 Bxf6 18. e5 Bg7 19. Ne4 Rxd1 20. Rxd1 Rd8 21.
Kh1 c4 22. Ng5 Rxd1+ 23. Qxd1 Qd8 24. Qxd8+ Nxd8 25. Bf3 h6 26. Ne4 Ne6 27. g3
f6 28. exf6 Bxf6 29. Nxf6+ exf6 30. Bd5 Kf7 31. b3 cxb3 32. axb3 Ke7 33. Bb7
Nc5 34. Bd5 Kd6 35. Bf7 g5 36. Kg2 Ne4 37. c4 b4 38. Bg6 Nd2 39. Bc2 Kc5 40.
Kf2 Kd4 41. Ke2 Kc3 42. Kd1 Nxb3 43. Bxb3 Kxb3 44. c5 Ka2 45. c6 b3 46. c7 b2
47. c8=Q b1=Q+ 48. Ke2 Qb2+ 49. Kf3 1/2-1/2

[Event "15. Obert Int. Sant Martí 2013 - B"]
[Site "Barcelona ESP"]
[Date "2013.07.16"]
[Round "4.42"]
[White "Sirletti, Sonia"]
[Black "Gomez Guinovart, Josep Manel"]
[Result "0-1"]
[WhiteElo "1888"]
[BlackElo "1670"]
[PlyCount "128"]
[EventDate "2013.07.13"]
[EventType "swiss"]
[EventRounds "9"]
[EventCountry "ESP"]
[SourceTitle "Ajedrez en Madrid"]
[Source "lmi"]
[SourceDate "2013.07.13"]
[SourceVersion "1"]
[SourceVersionDate "2019.06.21"]
[SourceQuality "1"]

1. d4 Nf6 2. Nf3 e6 3. e3 d5 4. Bd3 h6 5. O-O Bd6 6. Ne5 Nbd7 7. f4 c5 8. b3
O-O 9. Nd2 Qc7 10. Bb2 a6 11. c4 b6 12. Rc1 Bb7 13. Qe2 Rfc8 14. g4 Nh7 15. g5
Bxe5 16. dxe5 hxg5 17. Bxh7+ Kxh7 18. Qh5+ Kg8 19. Rf3 Nf8 20. Rcf1 d4 21. e4
Ng6 22. Rh3 gxf4 23. Rxf4 Qxe5 24. Qh7+ Kf8 25. Rg4 Ke7 26. Qh5 Qxh5 27. Rxh5
Rh8 28. Rxh8 Rxh8 29. Bc1 Rh4 30. Rxh4 Nxh4 31. Kf2 Ng6 32. Ke2 f5 33. exf5
exf5 34. Nf1 Ke6 35. Ng3 Be4 36. Kd1 Nh4 37. Bf4 g6 38. Nf1 Nf3 39. Nd2 Nh4 40.
Nf1 Bf3+ 41. Kc2 Bg2 42. Nd2 Be4+ 43. Kd1 Ng2 44. Bc7 b5 45. cxb5 axb5 46. a4
bxa4 47. bxa4 Ne3+ 48. Kc1 Nd5 49. Bd8 Bd3 50. Nf3 Nc3 51. a5 Be4 52. Nd2 Bb7
53. Nc4 Ba6 54. Nd2 c4 55. Nf3 Ne2+ 56. Kc2 d3+ 57. Kb1 c3 58. Bg5 f4 59. Ne1
c2+ 60. Nxc2 dxc2+ 61. Kxc2 f3 62. Be3 Kf5 63. Kd2 Nf4 64. Ke1 Ng2+ 0-1

[Event "15. Obert Int. Sant Martí 2013 - B"]
[Site "Barcelona ESP"]
[Date "2013.07.16"]
[Round "4.44"]
[White "Colom Andres, Xavier"]
[Black "Rodriguez Batuecas, Jordi"]
[Result "1-0"]
[WhiteElo "1876"]
[BlackElo "1630"]
[PlyCount "57"]
[EventDate "2013.07.13"]
[EventType "swiss"]
[EventRounds "9"]
[EventCountry "ESP"]
[SourceTitle "Ajedrez en Madrid"]
[Source "lmi"]
[SourceDate "2013.07.13"]
[SourceVersion "1"]
[SourceVersionDate "2019.06.21"]
[SourceQuality "1"]

1. d4 Nf6 2. c4 g6 3. Nc3 Bg7 4. e4 d6 5. f3 O-O 6. Bg5 Nbd7 7. Nh3 e5 8. d5
Nb6 9. Nf2 c6 10. Qd2 Qc7 11. Be2 cxd5 12. Nb5 Qe7 13. cxd5 Bd7 14. O-O Bxb5
15. Bxb5 Rac8 16. Rfc1 Rxc1+ 17. Rxc1 Rc8 18. h3 Rxc1+ 19. Qxc1 a6 20. Bf1 Qe8
21. Qc7 Nfd7 22. Qxb7 Qc8 23. Qxc8+ Nxc8 24. Bxa6 Ncb6 25. Be3 Nc5 26. Bb5 Nba4
27. b4 Nc3 28. bxc5 Nxb5 29. c6 1-0

[Event "15. Obert Int. Sant Martí 2013 - B"]
[Site "Barcelona ESP"]
[Date "2013.07.16"]
[Round "4.45"]
[White "Minos Constante, Pablo"]
[Black "Boixader Arbo, Xavier"]
[Result "1-0"]
[WhiteElo "1850"]
[BlackElo "1546"]
[PlyCount "55"]
[EventDate "2013.07.13"]
[EventType "swiss"]
[EventRounds "9"]
[EventCountry "ESP"]
[SourceTitle "Ajedrez en Madrid"]
[Source "lmi"]
[SourceDate "2013.07.13"]
[SourceVersion "1"]
[SourceVersionDate "2019.06.21"]
[SourceQuality "1"]

1. e4 c5 2. Nf3 Nc6 3. d4 cxd4 4. Nxd4 e5 5. Nb5 d6 6. Bg5 Qxg5 7. Nc7+ Kd7 8.
Nxa8 b6 9. Nc3 Bb7 10. Nxb6+ axb6 11. h4 Qg6 12. g3 Nf6 13. Bh3+ Ke7 14. Bf5
Qh6 15. g4 g5 16. Qd2 Nd4 17. O-O-O Qg7 18. hxg5 Ne8 19. Kb1 h6 20. f4 hxg5 21.
Rxh8 Qxh8 22. fxe5 dxe5 23. Nb5 Bg7 24. Qb4+ Kf6 25. Nxd4 exd4 26. Qxd4+ Ke7
27. Qb4+ Kf6 28. Qxb6+ 1-0

[Event "15. Obert Int. Sant Martí 2013 - B"]
[Site "Barcelona ESP"]
[Date "2013.07.16"]
[Round "4.46"]
[White "Gonzalez Jurado, Jesus"]
[Black "Ji, Pablo"]
[Result "1/2-1/2"]
[WhiteElo "1844"]
[BlackElo "1546"]
[PlyCount "68"]
[EventDate "2013.07.13"]
[EventType "swiss"]
[EventRounds "9"]
[EventCountry "ESP"]
[SourceTitle "Ajedrez en Madrid"]
[Source "lmi"]
[SourceDate "2013.07.13"]
[SourceVersion "1"]
[SourceVersionDate "2019.06.21"]
[SourceQuality "1"]

1. c4 Nf6 2. Nc3 c5 3. Nf3 Nc6 4. d4 cxd4 5. Nxd4 d6 6. e4 g6 7. Be2 Bg7 8. O-O
O-O 9. Nxc6 bxc6 10. Bd2 Rb8 11. Qc2 Bd7 12. Rab1 c5 13. f4 Bc6 14. g4 Qc8 15.
h3 Nd7 16. Rf2 Bd4 17. Rbf1 Bxf2+ 18. Rxf2 f6 19. Nd5 Bxd5 20. exd5 Qe8 21. h4
Rf7 22. Bc3 Nf8 23. Bd3 e5 24. fxe5 fxe5 25. Rg2 Rbb7 26. Bd2 Rf3 27. Be2 e4
28. Bxf3 exf3 29. Rf2 Rf7 30. Qd3 Qe5 31. Rxf3 Rxf3 32. Qxf3 Qxb2 33. Bc3 Qb7
34. Qf6 Qd7 1/2-1/2

[Event "15. Obert Int. Sant Martí 2013 - B"]
[Site "Barcelona ESP"]
[Date "2013.07.16"]
[Round "4.47"]
[White "Alvarez Albiol, Victor"]
[Black "Roche Peris, Eduard"]
[Result "1-0"]
[WhiteElo "1546"]
[BlackElo "1792"]
[PlyCount "53"]
[EventDate "2013.07.13"]
[EventType "swiss"]
[EventRounds "9"]
[EventCountry "ESP"]
[SourceTitle "Ajedrez en Madrid"]
[Source "lmi"]
[SourceDate "2013.07.13"]
[SourceVersion "1"]
[SourceVersionDate "2019.06.21"]
[SourceQuality "1"]

1. e4 e5 2. Nf3 Nf6 3. Nc3 Nc6 4. Bc4 Bb4 5. d3 O-O 6. O-O Bxc3 7. bxc3 d5 8.
exd5 Nxd5 9. Bxd5 Qxd5 10. c4 Qd8 11. Bb2 Re8 12. Re1 Bg4 13. h3 Bxf3 14. Qxf3
Rb8 15. c3 Qd7 16. Rad1 Rbd8 17. d4 exd4 18. Rxe8+ Qxe8 19. cxd4 Na5 20. Qc3 b6
21. Re1 Qd7 22. d5 f6 23. Qg3 Qd6 24. Qg4 Qf8 25. Re6 Rd6 26. Ba3 f5 27. Qe2
1-0

[Event "15. Obert Int. Sant Martí 2013 - B"]
[Site "Barcelona ESP"]
[Date "2013.07.16"]
[Round "4.48"]
[White "Llados Clos, Jaume"]
[Black "Salazar Navas, Josep"]
[Result "1-0"]
[WhiteElo "1568"]
[BlackElo "1789"]
[PlyCount "83"]
[EventDate "2013.07.13"]
[EventType "swiss"]
[EventRounds "9"]
[EventCountry "ESP"]
[SourceTitle "Ajedrez en Madrid"]
[Source "lmi"]
[SourceDate "2013.07.13"]
[SourceVersion "1"]
[SourceVersionDate "2019.06.21"]
[SourceQuality "1"]

1. e4 c6 2. Nc3 d5 3. d4 dxe4 4. Nxe4 Nf6 5. Nxf6+ gxf6 6. Nf3 Bg4 7. c3 e6 8.
Bf4 Bd6 9. Bxd6 Qxd6 10. Be2 Nd7 11. Ng1 Bxe2 12. Qxe2 Rg8 13. Qf3 f5 14. Ne2
O-O-O 15. O-O-O Nf6 16. Kb1 Rg4 17. g3 Nd5 18. Qd3 h5 19. f3 Rg7 20. Qd2 Qc7
21. Qh6 f6 22. Qxh5 Rh7 23. Qg6 Rhh8 24. Nf4 Qe7 25. Nxd5 cxd5 26. Rde1 Rde8
27. g4 Qd8 28. gxf5 Reg8 29. Qf7 e5 30. Qe6+ Kb8 31. dxe5 fxe5 32. Qxe5+ Kc8
33. Rd1 Qb6 34. Qxd5 Re8 35. Qd7+ Kb8 36. Qd6+ Qxd6 37. Rxd6 Re2 38. f6 Rf2 39.
f7 Rxf3 40. Rd7 Kc8 41. Re7 Rf8 42. Re8+ 1-0

[Event "15. Obert Int. Sant Martí 2013 - B"]
[Site "Barcelona ESP"]
[Date "2013.07.16"]
[Round "4.49"]
[White "Subirana Santos, Marc"]
[Black "Baum, Jonasz"]
[Result "0-1"]
[WhiteElo "1759"]
[BlackElo "1512"]
[PlyCount "74"]
[EventDate "2013.07.13"]
[EventType "swiss"]
[EventRounds "9"]
[EventCountry "ESP"]
[SourceTitle "Ajedrez en Madrid"]
[Source "lmi"]
[SourceDate "2013.07.13"]
[SourceVersion "1"]
[SourceVersionDate "2019.06.21"]
[SourceQuality "1"]

1. Nf3 Nf6 2. c4 c5 3. g3 g6 4. Bg2 Bg7 5. O-O O-O 6. Nc3 Nc6 7. a3 a6 8. d3 d6
9. Bd2 Bd7 10. h3 e6 11. Rb1 Rb8 12. b4 cxb4 13. axb4 b5 14. cxb5 axb5 15. Qc1
Qe7 16. Bh6 Rfc8 17. Bxg7 Kxg7 18. Qb2 Nd8 19. Ne4 e5 20. Nxf6 Qxf6 21. Nd2 Bc6
22. Ne4 Qe7 23. h4 f5 24. Nc3 Bxg2 25. Kxg2 Qb7+ 26. Kg1 Ne6 27. f4 Nd4 28.
fxe5 Rxc3 29. exd6 Kf8 30. Qd2 Rc2 31. Qh6+ Kg8 32. e4 Ne2+ 33. Kf2 fxe4 34.
Rbc1 Nxc1+ 35. Ke3 Qb6+ 36. Kxe4 Re8+ 37. Kd5 Qc6+ 0-1

[Event "15. Obert Int. Sant Martí 2013 - B"]
[Site "Barcelona ESP"]
[Date "2013.07.16"]
[Round "4.51"]
[White "Aparicio Escudero, Hector F."]
[Black "Maria Oproae, Alex"]
[Result "1/2-1/2"]
[WhiteElo "1747"]
[BlackElo "1415"]
[PlyCount "56"]
[EventDate "2013.07.13"]
[EventType "swiss"]
[EventRounds "9"]
[EventCountry "ESP"]
[SourceTitle "Ajedrez en Madrid"]
[Source "lmi"]
[SourceDate "2013.07.13"]
[SourceVersion "1"]
[SourceVersionDate "2019.06.21"]
[SourceQuality "1"]

1. Nf3 Nc6 2. d4 d5 3. g3 g6 4. Bg2 Bg7 5. c3 Nf6 6. O-O O-O 7. Nbd2 Bf5 8. Nh4
Be6 9. Re1 Qd7 10. b3 Rad8 11. Ba3 b5 12. Bc5 a5 13. a4 b4 14. cxb4 Nxb4 15.
Bxb4 axb4 16. Rc1 Ne4 17. Nxe4 dxe4 18. Bxe4 Bxd4 19. Qc2 c5 20. Red1 f5 21.
Bh1 Qe8 22. e3 Bc3 23. Rxd8 Qxd8 24. Rd1 Qe8 25. Bd5 Bxd5 26. Rxd5 Qc6 27. Qd1
Qc7 28. Rd7 Qe5 1/2-1/2

[Event "15. Obert Int. Sant Martí 2013 - B"]
[Site "Barcelona ESP"]
[Date "2013.07.16"]
[Round "4.52"]
[White "Sequera Morales, Jose David"]
[Black "Jimenez Martinez, Javier"]
[Result "0-1"]
[WhiteElo "1575"]
[BlackElo "1943"]
[PlyCount "110"]
[EventDate "2013.07.13"]
[EventType "swiss"]
[EventRounds "9"]
[EventCountry "ESP"]
[SourceTitle "Ajedrez en Madrid"]
[Source "lmi"]
[SourceDate "2013.07.13"]
[SourceVersion "1"]
[SourceVersionDate "2019.06.21"]
[SourceQuality "1"]

1. e4 e6 2. d4 d5 3. e5 c5 4. c3 Nc6 5. Nf3 Qb6 6. Bd3 Bd7 7. O-O cxd4 8. cxd4
Nxd4 9. Nxd4 Qxd4 10. Nc3 Qb6 11. Kh1 Ne7 12. f4 g6 13. b3 Rc8 14. Ne2 Nf5 15.
Bxf5 gxf5 16. Nd4 Bb5 17. Rf3 Qa6 18. Rg3 Bb4 19. Bb2 Ke7 20. Qh5 Bd3 21. Rg7
Rcf8 22. Nf3 Bb5 23. Ng5 Be8 24. Rc1 h6 25. Nf3 Kd8 26. Qh4+ Be7 27. Qe1 Rfg8
28. Rxg8 Rxg8 29. Qc3 Bc6 30. Nd4 Kd7 31. b4 Qc4 32. Qxc4 dxc4 33. Nxc6 Kxc6
34. Rxc4+ Kd7 35. Bd4 b6 36. a3 Rc8 37. Rxc8 Kxc8 38. g3 Kc7 39. Kg2 Kc6 40.
Kf3 Kb5 41. h3 a5 42. bxa5 Kxa5 43. Bb2 Ka4 44. h4 h5 45. Bd4 Bc5 46. Ke3 Kxa3
47. Bxc5+ bxc5 48. Kd3 Kb3 49. Kd2 c4 50. Kc1 Kc3 51. Kb1 Kd2 52. Kb2 c3+ 53.
Kb1 c2+ 54. Kb2 c1=Q+ 55. Kb3 Qc3+ 0-1

[Event "15. Obert Int. Sant Martí 2013 - B"]
[Site "Barcelona ESP"]
[Date "2013.07.16"]
[Round "4.53"]
[White "Molina Cabaleiro, Juan Jose"]
[Black "Kazmierczak, Ewa"]
[Result "0-1"]
[WhiteElo "1801"]
[BlackElo "1574"]
[PlyCount "40"]
[EventDate "2013.07.13"]
[EventType "swiss"]
[EventRounds "9"]
[EventCountry "ESP"]
[SourceTitle "Ajedrez en Madrid"]
[Source "lmi"]
[SourceDate "2013.07.13"]
[SourceVersion "1"]
[SourceVersionDate "2019.06.21"]
[SourceQuality "1"]

1. e4 e6 2. d4 d5 3. exd5 exd5 4. Bd3 Bd6 5. Nf3 Nf6 6. O-O O-O 7. h3 Be6 8.
Bg5 Nbd7 9. Re1 c6 10. Ne5 Qb6 11. b3 Rfe8 12. c4 dxc4 13. Nxc4 Bxc4 14. bxc4
Rxe1+ 15. Qxe1 Qxd4 16. Qc3 Be5 17. Bd2 Nc5 18. Bc2 Nfe4 19. Qb4 Qxf2+ 20. Kh1
Qf1# 0-1

[Event "15. Obert Int. Sant Martí 2013 - B"]
[Site "Barcelona ESP"]
[Date "2013.07.16"]
[Round "4.54"]
[White "Escofet Llongueras, Joan"]
[Black "Custodio Criado, Jofre"]
[Result "1-0"]
[WhiteElo "1793"]
[BlackElo "1568"]
[PlyCount "61"]
[EventDate "2013.07.13"]
[EventType "swiss"]
[EventRounds "9"]
[EventCountry "ESP"]
[SourceTitle "Ajedrez en Madrid"]
[Source "lmi"]
[SourceDate "2013.07.13"]
[SourceVersion "1"]
[SourceVersionDate "2019.06.21"]
[SourceQuality "1"]

1. c4 c5 2. Nc3 Nc6 3. g3 g6 4. Bg2 Bg7 5. e4 e5 6. Nge2 Nge7 7. O-O O-O 8. d3
d6 9. Be3 Be6 10. h3 h6 11. Nd5 Qd7 12. Kh2 f5 13. Qd2 Kh7 14. f4 Bxd5 15. cxd5
Nd4 16. Rac1 Rf7 17. fxe5 dxe5 18. Rxc5 b6 19. Rc3 Nxe2 20. Qxe2 Qd6 21. Qd2 g5
22. exf5 Nxf5 23. Be4 Kg8 24. Rxf5 Rxf5 25. Bxf5 e4 26. Be6+ Kh8 27. Rc6 Qe5
28. d4 Qf6 29. Qf2 Qe7 30. Rc8+ Rxc8 31. Bxc8 1-0

[Event "15. Obert Int. Sant Martí 2013 - B"]
[Site "Barcelona ESP"]
[Date "2013.07.16"]
[Round "4.55"]
[White "Aunes Cabanero, Jose"]
[Black "Romero Funieles, Rafael"]
[Result "0-1"]
[WhiteElo "1565"]
[BlackElo "1735"]
[PlyCount "110"]
[EventDate "2013.07.13"]
[EventType "swiss"]
[EventRounds "9"]
[EventCountry "ESP"]
[SourceTitle "Ajedrez en Madrid"]
[Source "lmi"]
[SourceDate "2013.07.13"]
[SourceVersion "1"]
[SourceVersionDate "2019.06.21"]
[SourceQuality "1"]

1. e4 e6 2. d4 c6 3. Nf3 d5 4. Nc3 Bb4 5. e5 h6 6. Bd3 a6 7. a3 Bxc3+ 8. bxc3
Nd7 9. a4 c5 10. O-O c4 11. Be2 Ne7 12. Ba3 Nf8 13. Ne1 Bd7 14. f4 Nf5 15. Qd2
b5 16. Bg4 g6 17. Bxf5 gxf5 18. Nf3 bxa4 19. Rfb1 Bb5 20. Bd6 Ng6 21. Qf2 Rg8
22. Qe3 Nh4 23. Nxh4 Qxh4 24. Rf1 Kd7 25. g3 Rg4 26. Rf3 Rag8 27. Kg2 Qd8 28.
h3 R4g6 29. Rg1 h5 30. Kf2 Qa5 31. Bb4 Qd8 32. Ke2 Bc6 33. Kd2 R8g7 34. Bd6 Qg8
35. Ke2 h4 36. g4 fxg4 37. hxg4 Rxg4 38. Rxg4 Rxg4 39. Rf2 Rg3 40. Qd2 Qg4+ 41.
Ke1 h3 42. f5 Rg1+ 43. Rf1 Rxf1+ 44. Kxf1 Qxf5+ 45. Kg1 f6 46. Qh6 Qg5+ 47.
Qxg5 fxg5 48. Kh2 g4 49. Kg3 Ke8 50. Bc5 Kf7 51. Ba3 Kg6 52. Be7 Kf5 53. Bb4
Be8 54. Be7 Ke4 55. Kf2 Kf4 0-1

[Event "15. Obert Int. Sant Martí 2013 - B"]
[Site "Barcelona ESP"]
[Date "2013.07.16"]
[Round "4.56"]
[White "Pico Garcia, Antoni"]
[Black "Domenche Redondo, Francesc"]
[Result "1/2-1/2"]
[WhiteElo "1532"]
[BlackElo "1710"]
[PlyCount "42"]
[EventDate "2013.07.13"]
[EventType "swiss"]
[EventRounds "9"]
[EventCountry "ESP"]
[SourceTitle "Ajedrez en Madrid"]
[Source "lmi"]
[SourceDate "2013.07.13"]
[SourceVersion "1"]
[SourceVersionDate "2019.06.21"]
[SourceQuality "1"]

1. e4 e5 2. Nf3 Nf6 3. Nxe5 d6 4. Nf3 Nxe4 5. d4 d5 6. Bd3 Bd6 7. O-O O-O 8.
Re1 Re8 9. c3 c6 10. Qc2 f5 11. Nbd2 Qf6 12. Nf1 h6 13. Qb3 Kf8 14. c4 dxc4 15.
Bxc4 Nd7 16. Qd1 Nb6 17. Bb3 Be6 18. Bc2 Bb4 19. N1d2 Bxd2 20. Bxd2 Nxd2 21.
Qxd2 Rad8 1/2-1/2

[Event "15. Obert Int. Sant Martí 2013 - B"]
[Site "Barcelona ESP"]
[Date "2013.07.16"]
[Round "4.57"]
[White "Arribas Alvarez, Marti"]
[Black "Ayats Llobera, Gerard"]
[Result "1/2-1/2"]
[WhiteElo "1531"]
[BlackElo "1708"]
[PlyCount "71"]
[EventDate "2013.07.13"]
[EventType "swiss"]
[EventRounds "9"]
[EventCountry "ESP"]
[SourceTitle "Ajedrez en Madrid"]
[Source "lmi"]
[SourceDate "2013.07.13"]
[SourceVersion "1"]
[SourceVersionDate "2019.06.21"]
[SourceQuality "1"]

1. d4 Nf6 2. e3 c5 3. Nf3 g6 4. Bd3 Bg7 5. c3 O-O 6. O-O Qc7 7. Nbd2 b6 8. e4
Bb7 9. Re1 e6 10. e5 Ne8 11. Ne4 f5 12. exf6 Nxf6 13. Nxf6+ Rxf6 14. Ne5 Nc6
15. Bg5 Rff8 16. Nxc6 Bxc6 17. Be4 Bxe4 18. Rxe4 Rf5 19. Qd2 Raf8 20. f3 Rd5
21. Bh4 Rff5 22. Bg3 Qc6 23. Rd1 e5 24. Bf2 c4 25. Qe2 Qa4 26. a3 a5 27. Re1
Qc6 28. dxe5 Rfxe5 29. Qxc4 Qxc4 30. Rxc4 Rxe1+ 31. Bxe1 Rd1 32. Re4 Kf7 33.
Kf2 Rb1 34. Re2 b5 35. Kg3 d5 36. Bf2 1/2-1/2

[Event "15. Obert Int. Sant Martí 2013 - B"]
[Site "Barcelona ESP"]
[Date "2013.07.16"]
[Round "4.58"]
[White "Martinez Torras, Pol"]
[Black "Fernandez Benito, Fco. Javier"]
[Result "1-0"]
[WhiteElo "1530"]
[BlackElo "1702"]
[PlyCount "97"]
[EventDate "2013.07.13"]
[EventType "swiss"]
[EventRounds "9"]
[EventCountry "ESP"]
[SourceTitle "Ajedrez en Madrid"]
[Source "lmi"]
[SourceDate "2013.07.13"]
[SourceVersion "1"]
[SourceVersionDate "2019.06.21"]
[SourceQuality "1"]

1. d4 f5 2. Nf3 Nf6 3. c4 g6 4. Nc3 d6 5. b3 Bg7 6. e3 O-O 7. Bb2 Re8 8. Be2 b6
9. Qc2 Bb7 10. d5 Nbd7 11. Ng5 Nf8 12. O-O h6 13. Nf3 e5 14. Nd2 a6 15. f3 Bc8
16. Bd3 N6d7 17. b4 Qg5 18. f4 exf4 19. exf4 Bd4+ 20. Kh1 Qf6 21. Nf3 Bb7 22.
Nxd4 Qxd4 23. Nb5 Qe3 24. Bd4 Qe7 25. Nxc7 Rec8 26. Nxa8 Bxa8 27. Rae1 Qf7 28.
Qe2 Nf6 29. Qe7 N8h7 30. Qxf7+ Kxf7 31. Bxb6 Ng4 32. h3 Ngf6 33. Re6 Nh5 34.
Kh2 Nf8 35. Re3 Nd7 36. Bd4 Nf8 37. g4 fxg4 38. hxg4 Nf6 39. Bxf6 Kxf6 40. g5+
hxg5 41. fxg5+ Kxg5 42. Rg3+ Kh6 43. Rf6 Re8 44. Bxg6 Re2+ 45. Kh3 Nxg6 46.
Rfxg6+ Kh7 47. Rg7+ Kh6 48. Rg8 Bb7 49. Rh8# 1-0

[Event "15. Obert Int. Sant Martí 2013 - B"]
[Site "Barcelona ESP"]
[Date "2013.07.16"]
[Round "4.59"]
[White "Olleta Tanya, Jordi"]
[Black "Calbet Freixanet, Eduard"]
[Result "0-1"]
[WhiteElo "1527"]
[BlackElo "1676"]
[PlyCount "24"]
[EventDate "2013.07.13"]
[EventType "swiss"]
[EventRounds "9"]
[EventCountry "ESP"]
[SourceTitle "Ajedrez en Madrid"]
[Source "lmi"]
[SourceDate "2013.07.13"]
[SourceVersion "1"]
[SourceVersionDate "2019.06.21"]
[SourceQuality "1"]

1. Nf3 d5 2. d4 e6 3. Bf4 Nf6 4. Nbd2 Bd6 5. Bg5 Nbd7 6. c4 h6 7. Bh4 c6 8. c5
Bc7 9. b4 e5 10. dxe5 Nxe5 11. Nd4 Qe7 12. f3 Nd3# 0-1

[Event "15. Obert Int. Sant Martí 2013 - B"]
[Site "Barcelona ESP"]
[Date "2013.07.16"]
[Round "4.60"]
[White "Demestres Lopez, Ricard"]
[Black "Harutian, Arthur William"]
[Result "1-0"]
[WhiteElo "1668"]
[BlackElo "1517"]
[PlyCount "53"]
[EventDate "2013.07.13"]
[EventType "swiss"]
[EventRounds "9"]
[EventCountry "ESP"]
[SourceTitle "Ajedrez en Madrid"]
[Source "lmi"]
[SourceDate "2013.07.13"]
[SourceVersion "1"]
[SourceVersionDate "2019.06.21"]
[SourceQuality "1"]

1. e4 e5 2. Nf3 Nc6 3. d4 exd4 4. Nxd4 Bc5 5. Be3 Qe7 6. f3 Bxd4 7. Bxd4 f5 8.
Nc3 fxe4 9. fxe4 Nf6 10. Bxf6 Qxf6 11. Bc4 Rf8 12. Qd2 d6 13. O-O-O Bd7 14. Nd5
Qd8 15. Rhf1 Be6 16. Rxf8+ Kxf8 17. Rf1+ Kg8 18. Nf6+ gxf6 19. Bxe6+ Kg7 20.
Rf3 Ne5 21. Rh3 Kf8 22. Rxh7 d5 23. Qh6+ Ke8 24. exd5 c5 25. Rh8+ Ke7 26. Rxd8
Rxd8 27. Qg7+ 1-0

[Event "15. Obert Int. Sant Martí 2013 - B"]
[Site "Barcelona ESP"]
[Date "2013.07.16"]
[Round "4.61"]
[White "Roig Martinez, Cristina"]
[Black "Serentill Tost, Eduard"]
[Result "0-1"]
[WhiteElo "1476"]
[BlackElo "1665"]
[PlyCount "38"]
[EventDate "2013.07.13"]
[EventType "swiss"]
[EventRounds "9"]
[EventCountry "ESP"]
[SourceTitle "Ajedrez en Madrid"]
[Source "lmi"]
[SourceDate "2013.07.13"]
[SourceVersion "1"]
[SourceVersionDate "2019.06.21"]
[SourceQuality "1"]

1. e4 e6 2. Nf3 d5 3. e5 c5 4. c3 Nc6 5. d4 Qb6 6. Be2 cxd4 7. cxd4 Nh6 8. b3
Bb4+ 9. Nbd2 Nxd4 10. O-O Nxe2+ 11. Qxe2 Bd7 12. Qd1 Bb5 13. Re1 Ng4 14. a3
Nxf2 15. Qc2 Nd3+ 16. Kh1 Nf2+ 17. Kg1 Nh3+ 18. Kh1 Qg1+ 19. Nxg1 Nf2# 0-1

[Event "15. Obert Int. Sant Martí 2013 - B"]
[Site "Barcelona ESP"]
[Date "2013.07.16"]
[Round "4.62"]
[White "Petit Montes, Marc"]
[Black "Quemades Schmid, Ricardo"]
[Result "1/2-1/2"]
[WhiteElo "1656"]
[BlackElo "1481"]
[PlyCount "73"]
[EventDate "2013.07.13"]
[EventType "swiss"]
[EventRounds "9"]
[EventCountry "ESP"]
[SourceTitle "Ajedrez en Madrid"]
[Source "lmi"]
[SourceDate "2013.07.13"]
[SourceVersion "1"]
[SourceVersionDate "2019.06.21"]
[SourceQuality "1"]

1. e4 d6 2. d4 Nf6 3. Bd3 c6 4. f4 e5 5. fxe5 dxe5 6. dxe5 Nxe4 7. Nf3 Nc5 8.
O-O Bg4 9. Nc3 Nbd7 10. Re1 Be7 11. a3 O-O 12. b4 Ne6 13. Re4 Nxe5 14. Rxe5 Bf6
15. Re4 Bxc3 16. Rb1 Bf5 17. Re3 Bg6 18. Bd2 Bxd2 19. Qxd2 Bxd3 20. Rxd3 Qb6+
21. Kh1 Rfd8 22. Ne5 Rxd3 23. Nxd3 Rd8 24. Qe2 Qd4 25. Rf1 h6 26. Ne5 Nf4 27.
c3 Nxe2 28. cxd4 f6 29. Nf3 Kf7 30. Rd1 Nc3 31. Rd3 Nd5 32. Kg1 Re8 33. Kf2 Re7
34. Nd2 Nf4 35. Rf3 Nd5 36. Nc4 Ke6 37. Rd3 1/2-1/2

[Event "15. Obert Int. Sant Martí 2013 - B"]
[Site "Barcelona ESP"]
[Date "2013.07.16"]
[Round "4.63"]
[White "Catala Morales, Joaquim"]
[Black "Cort Hidalgo, Jordi"]
[Result "0-1"]
[WhiteElo "1413"]
[BlackElo "1650"]
[PlyCount "62"]
[EventDate "2013.07.13"]
[EventType "swiss"]
[EventRounds "9"]
[EventCountry "ESP"]
[SourceTitle "Ajedrez en Madrid"]
[Source "lmi"]
[SourceDate "2013.07.13"]
[SourceVersion "1"]
[SourceVersionDate "2019.06.21"]
[SourceQuality "1"]

1. e4 c5 2. Nf3 g6 3. d4 cxd4 4. Nxd4 Bg7 5. Nc3 Nc6 6. Be3 Nf6 7. f3 O-O 8.
Qd2 d5 9. O-O-O e5 10. Nxc6 bxc6 11. g4 d4 12. Bg5 Qa5 13. Nb1 Qxa2 14. Na3 Rb8
15. c3 Be6 16. c4 Qa1+ 17. Nb1 Rb3 18. Qf2 Rfb8 19. Rd2 Rc3+ 20. Rc2 Qxb2+ 21.
Kd1 Qxb1+ 22. Rc1 Qb3+ 23. Rc2 d3 24. Bxd3 Rxd3+ 25. Ke1 Qb4+ 26. Kf1 Qb1+ 27.
Bc1 Rd1+ 28. Kg2 Rxh1 29. Kxh1 Bh6 30. h4 Bxc1 31. Kg2 Qxc2 0-1

[Event "15. Obert Int. Sant Martí 2013 - B"]
[Site "Barcelona ESP"]
[Date "2013.07.16"]
[Round "4.64"]
[White "Martinez Navarro, Miquel"]
[Black "Pascual Duran, Pau"]
[Result "0-1"]
[WhiteElo "1641"]
[BlackElo "1473"]
[PlyCount "70"]
[EventDate "2013.07.13"]
[EventType "swiss"]
[EventRounds "9"]
[EventCountry "ESP"]
[SourceTitle "Ajedrez en Madrid"]
[Source "lmi"]
[SourceDate "2013.07.13"]
[SourceVersion "1"]
[SourceVersionDate "2019.06.21"]
[SourceQuality "1"]

1. e4 e5 2. Nf3 Nc6 3. Bc4 Be7 4. d3 d6 5. a3 Bg4 6. h3 Bh5 7. Be3 Nf6 8. Nc3
O-O 9. g4 Bg6 10. Nh4 Kh8 11. Nxg6+ fxg6 12. Qe2 Qd7 13. O-O-O Nd4 14. Bxd4
exd4 15. Nd5 Rfe8 16. Nxe7 Rxe7 17. Ba2 b5 18. Qd2 a5 19. c4 b4 20. axb4 axb4
21. b3 c5 22. Qb2 Qe6 23. Qe2 Rea7 24. Rd2 Ra3 25. Kb1 Qc8 26. Rb2 Nd7 27. f4
g5 28. fxg5 Ne5 29. Rf1 Qa6 30. Rf2 Qa7 31. Rd2 Kg8 32. Rf5 Qb7 33. Rf2 Qe7 34.
Rf5 Qa7 35. Rf2 Rxb3+ 0-1